000 00528nam a2200205Ia 4500
005 20240823015408.0
008 240823s9999||||xx |||||||||||||| ||und||
020 _a81-8014-064-4
041 _aENGLISH
082 _A660.28449 P5
100 _a"Vogel,Henry C"
245 0 _aFermentation and Biochemical Engineering handbook
250 _a2nd
260 _c2005
_b"Standard Pub,"
_aDelhi
500 _aTRANSFERED
650 _aBio Chemistry
_bChemistry
700 _a" Todaro,Celeste L"
942 _cBK
999 _c172327
_d172327